00201nam a2200085Ia 4500008004100000041000800041100001300049245004400062260000900106240625s9999 xx 000 0 und d aeng aPC QUEST aPC QUEST 12 TOOLS TO SECURE YOUR MOBILE c2010